Твердые полезные ископаемые Ханты-Мансийской части Северного и Приполярного Урала; Известия Томского политехнического университета [Известия ТПУ]; Т. 305, вып. 6 : Геология, поиски и разведка полезных ископаемых Сибири
| Parent link: | Известия Томского политехнического университета [Известия ТПУ]/ Томский политехнический университет (ТПУ).— , 2000- Т. 305, вып. 6 : Геология, поиски и разведка полезных ископаемых Сибири.— 2002.— [С. 117-127] |
|---|---|
| Egile nagusia: | |
| Gaia: | Заглавие с титульного листа Электронная версия печатной публикации Обобщены сведения о запасах и прогнозных ресурсах твердых полезных ископаемых региона. Предложена концепция их дальнейшего изучения и освоения. |
| Hizkuntza: | errusiera |
| Argitaratua: |
2002
|
| Saila: | Полезные ископаемые, методы их поиска и разведки |
| Gaiak: | |
| Sarrera elektronikoa: | http://www.lib.tpu.ru/fulltext/v/Bulletin_TPU/2002/v305/i6/08.pdf |
| Formatua: | MixedMaterials Baliabide elektronikoa Liburu kapitulua |
| KOHA link: | https://koha.lib.tpu.ru/cgi-bin/koha/opac-detail.pl?biblionumber=165958 |
MARC
| LEADER | 00000nla2a2200000 4500 | ||
|---|---|---|---|
| 001 | 165958 | ||
| 005 | 20231031162038.0 | ||
| 035 | |a (RuTPU)RU\TPU\book\180023 | ||
| 035 | |a RU\TPU\book\180022 | ||
| 090 | |a 165958 | ||
| 100 | |a 20090923d2002 k y0rusy50 ca | ||
| 101 | 0 | |a rus | |
| 102 | |a RU | ||
| 135 | |a drnn ---uucaa | ||
| 181 | 0 | |a i | |
| 182 | 0 | |a b | |
| 200 | 1 | |a Твердые полезные ископаемые Ханты-Мансийской части Северного и Приполярного Урала |b Электронный ресурс |f А. А. Аксенова | |
| 203 | |a Текст |c электронный | ||
| 215 | |a 1 файл (8.7 Мб) | ||
| 225 | 1 | |a Полезные ископаемые, методы их поиска и разведки | |
| 230 | |a Электронные текстовые данные (1 файл : 8.7 Мб) | ||
| 300 | |a Заглавие с титульного листа | ||
| 300 | |a Электронная версия печатной публикации | ||
| 330 | |a Обобщены сведения о запасах и прогнозных ресурсах твердых полезных ископаемых региона. Предложена концепция их дальнейшего изучения и освоения. | ||
| 337 | |a Adobe Reader | ||
| 461 | 1 | |0 (RuTPU)RU\TPU\book\176237 |t Известия Томского политехнического университета [Известия ТПУ] |f Томский политехнический университет (ТПУ) |d 2000- | |
| 463 | 1 | |0 (RuTPU)RU\TPU\book\180006 |t Т. 305, вып. 6 : Геология, поиски и разведка полезных ископаемых Сибири |o тематический выпуск |v [С. 117-127] |d 2002 |p 446 с. | |
| 610 | 1 | |a труды учёных ТПУ | |
| 610 | 1 | |a электронный ресурс | |
| 610 | 1 | |a Ханты-Мансийский автономный округ | |
| 610 | 1 | |a Урал | |
| 610 | 1 | |a твердые полезные ископаемые | |
| 610 | 1 | |a запасы | |
| 610 | 1 | |a освоение | |
| 610 | 1 | |a прогнозные ресурсы | |
| 610 | 1 | |a концепции развития | |
| 610 | 1 | |a изучение ресурсов | |
| 610 | 1 | |a металлические полезные ископаемые | |
| 610 | 1 | |a черные металлы | |
| 610 | 1 | |a цветные металлы | |
| 610 | 1 | |a редкие металлы | |
| 610 | 1 | |a благородные металлы | |
| 610 | 1 | |a неметаллические полезные ископаемые | |
| 610 | 1 | |a камнесамоцветное сырье | |
| 610 | 1 | |a горнохимическое сырье | |
| 610 | 1 | |a горнорудное сырье | |
| 610 | 1 | |a горнотехническое сырье | |
| 610 | 1 | |a строительные материалы | |
| 610 | 1 | |a бурый уголь | |
| 610 | 1 | |a каменный уголь | |
| 700 | 1 | |a Аксенова |b А. А. | |
| 801 | 1 | |a RU |b 63413507 |c 20090623 |g PSBO | |
| 801 | 2 | |a RU |b 63413507 |c 20210419 |g PSBO | |
| 856 | 4 | |u http://www.lib.tpu.ru/fulltext/v/Bulletin_TPU/2002/v305/i6/08.pdf | |
| 942 | |c CF | ||